Amenaza de los cambios atmosféricos inducidos por la contaminación ambiental (Registro nro. 5984)

Detalles MARC
000 -Cabecera
Campo de control de longitud fija 00817ata a2200289 4500
005 - Fecha y hora de la última transacción
Campo de control 20260114103037.0
008 - Elementos de longitud fija--Información general
Campo de control de longitud fija 150526b2003 xxu||||| |||| 00| 0 spa d
020 ## - International Standard Book Number
Número Internacional Estándar del Libro (ISBN) 9977677832
041 ## - Idioma
Código de idioma Español
082 ## - Clasificación Decimal Dewey
Número de clasificación 363.738.74 A481a
100 ## - Entrada principal--Autor personal
Nombre personal Amador Berrocal, Sonia María
245 ## - Título propiamente dicho
Título Amenaza de los cambios atmosféricos inducidos por la contaminación ambiental
260 ## - Pie de imprenta
Lugar de publicación, distribución, etc. Costa Rica
260 ## - Pie de imprenta
Nombre del editor, distribuidor, etc. Universidad de Costa Rica
260 ## - Pie de imprenta
Fecha de publicación, distribución, etc. 2003
300 ## - Descripción física
Extensión 238 páginas
490 ## - Serie
Título de la Serie Turismo
650 ## - Materia general
Temática (materia general) CAMBIOS ATMOSFÉRICOS
650 ## - Materia general
Temática (materia general) CONTAMINACIÓN AMBIENTAL
650 ## - Materia general
Temática (materia general) AMENAZAS ATMOSFÉRICAS
650 ## - Materia general
Temática (materia general) EFECTO INVERNADERO
650 ## - Materia general
Temática (materia general) CAPA DE OZONO Y RADIACIÓN UV
650 ## - Materia general
Temática (materia general) CONTAMINACIÓN ATMOSFÉRICA
650 ## - Materia general
Temática (materia general) LLUVIA ÁCIDA
942 ## - Punto de acceso adicional KOHA
Tipo de ítem KOHA Libro
Fuente del sistema de clasificación o colocación Dewey Decimal Classification
Existencias
Signatura completa Código de barras Programa Académico Tipo de ítem
363.738.74 A481a 9717 Turismo Libro